00349nam a2200121Ia 4500008004100000040001700041041001200058082001800070100002000088245006200108260004600170300001100216230917s9999||||xx |||||||||||||| ||und|| e179247aMAIN aEnglish a352.054 P172D aPalanithurai, G 0aDecentralisation in India: Critical issues from the field aNew DelhibConcept Publishing Housec2009 a263 p.